Statistics for Country Name Quiz - Malay or Indonesian?

Click here to take the quiz!

General Stats

  • This quiz has been taken 39 times
  • The average score is 9 of 15

Answer Stats

QuestionAnswer% Correct
Jepun ( Japan )Malay
84%
Lubnan ( Lebanon )Malay
79%
Habsyah ( Ethiopia )Malay
76%
Maghribi ( Morocco )Malay
74%
Republik Ceko ( Czech Republic )Indonesian
71%
Tiongkok ( China )Indonesian
68%
Emiriah Arab Bersatu ( United Arab Emirates )Malay
68%
Filipina ( The Philippines )Both
61%
Islandia ( Iceland )Indonesian
61%
Britania Raya ( United Kingdom )Indonesian
53%
Mesir ( Egypt )Both
50%
Belanda ( The Netherlands )Both
45%
Aljazair ( Algeria )Indonesian
45%
Yunani ( Greece )Both
42%
Jerman ( Germany )Both
39%

Score Distribution

Percentile by Number Answered

Percent of People with Each Score

Your Score History

You have not taken this quiz